000 00693nam a2200229 u 4500
005 20240228063631.0
008 090319s2006 es r 000 0 spa d
020 _a8421692208
035 _aUPN01000169981
049 _aI
050 4 _aPZ75
_bT4.2
100 1 _aTerzi, Marinella,
_d1958-
_931799
245 1 3 _aUn año nada corriente /
_cMarinella Terzi ; il. de Manuel Uhía.
260 _aMadrid :
_bBruño,
_cc2006.
300 _a153 p. :
_bil. col.
440 0 _aAlta mar.
_pCuentos ;
_v159
500 _a"A partir de 8 años"
650 4 _aLiteratura infantil española
_95892
650 0 _aDiarios
_vNovela
_99020
700 1 _aUhía, Manuel,
_d1944-
_eil.
_931757
905 _aInfantil
999 _c142087
_d142087